Customers for life : how to turn that onetime buyer into a lifetime customer (Record no. 176753)

MARC details
000 -LEADER
fixed length control field 00418nam a2200145Ia 4500
008 - FIXED-LENGTH DATA ELEMENTS--GENERAL INFORMATION
fixed length control field 231217s9999 xx 000 0 und d
020 ## - INTERNATIONAL STANDARD BOOK NUMBER
International Standard Book Number ISBN 0-385-50445-4
041 ## - LANGUAGE CODE
Language code of text/sound track or separate title English
082 ## - DEWEY DECIMAL CLASSIFICATION NUMBER
Classification number 658.8 SEW R
100 ## - MAIN ENTRY--PERSONAL NAME
Personal name Sewell, CarlBrown, Paul B
245 #0 - TITLE STATEMENT
Title Customers for life : how to turn that onetime buyer into a lifetime customer
260 ## - PUBLICATION, DISTRIBUTION, ETC.
Date of publication, distribution, etc. 2002
Name of publisher, distributor, etc. Currency
Place of publication, distribution, etc. New York
300 ## - PHYSICAL DESCRIPTION
Extent xxv+210
942 ## - ADDED ENTRY ELEMENTS (KOHA)
Koha item type Books
Holdings
Date last seen Total checkouts Full call number Accession number Cost, total (INR) price Price effective from Category Public note Lost status Damaged status Department Withdrawn status Home library Current library Shelving location Entry date Vendor Cost, normal purchase price Grants Billnumber Billdate Currency symbol Conversion rate Discount Old discount
26/01/2024   658.8 SEW R 39474 377.60 26/01/2024 Books Missing found 2020     MBA   Central Library Central Library MBA 16/12/2005 Surya Infotainment Products Pvt. Ltd. 10.00 MBA 0506/1512 11/09/2004 USD 47.2 2 20

© For any Suggestions or Query, please contact the library staff @ librarian@pes.edu or Phone: +9180 2672 1983/ 2108.